| 000 | 00738cam a2200241 a 4500 | ||
|---|---|---|---|
| 001 | 12484275 | ||
| 003 | OSt | ||
| 005 | 20150923111357.0 | ||
| 008 | 010727s2002 mauab b 001 0 eng | ||
| 010 | _a 2001046387 | ||
| 020 | _a0205342574 | ||
| 040 | _aSEKU | ||
| 050 | 0 | 0 |
_aHM 586 _b.T4 2002 |
| 100 | 1 |
_aThompson, William E. _q(William Edwin), _d1950- |
|
| 245 | 1 | 0 |
_aSociety in focus : _ban introduction to sociology _cWilliam E. Thompson, Joseph V. Hickey. |
| 250 | _a4th ed. | ||
| 260 |
_aBoston : _bAllyn and Bacon, _cc2002. |
||
| 300 |
_axxiv, 598 p. : _bcol. ill., col. maps ; _c28 cm. |
||
| 504 | _aIncludes bibliographical references and indexes. | ||
| 650 | 0 | _aSociology. | |
| 700 | 1 | _aHickey, Joseph V. | |
| 942 |
_2lcc _cGEN |
||
| 999 |
_c9130 _d9130 |
||